[Event "Nicolo La Rosa op 18th"]
[Site "Mazara del Vallo"]
[Date "2010.08.19"]
[Round "4"]
[White "Lo Piccolo, Antonino"]
[Black "Mancuso, Fabrizio"]
[Result "1-0"]
[WhiteElo "1879"]
[BlackElo "1335"]
[PlyCount "37"]
[EventDate "2010.08.18"]
[EventType "swiss"]
[EventRounds "9"]
[EventCountry "ITA"]
[SourceTitle "EXT 2024"]
[Source "ChessBase"]
[SourceDate "2023.10.10"]
[SourceVersion "1"]
[SourceVersionDate "2023.10.10"]
[SourceQuality "1"]

1. e4 e5 2. Nf3 Nf6 3. Nxe5 d6 4. Nf3 Nxe4 5. Nc3 Nxc3 6. dxc3 Be7 7. Bd3 Nc6 8. Be3 0-0 9. Qd2 Bg4 10. 0-0-0 Re8 11. h3 Bh5 12. g4 Bg6 13. Bxg6 fxg6 14. Qd5+ Kh8 15. h4 Bf6 16. Ng5 Ne5 17. Rdg1 h6 18. f4 Nxg4 19. Nf7+ 1-0